Dala’il Al-Khayrat: prayer manuscripts from the 16th - 19th centuries/
Saved in:
| Main Author: | |
|---|---|
| Format: | Book |
| Language: | English |
| Published: |
Islamic Arts Museum Malaysia
, 2016
|
| Tags: |
Add Tag
No Tags, Be the first to tag this record!
|
MARC
| LEADER | 00000nam a22000007a 4500 | ||
|---|---|---|---|
| 008 | 201222b ||||| |||| 00| 0 eng d | ||
| 020 | |a ISBN: 978-983-2591-12-2 | ||
| 100 | |a NURUL, Iman Rusli | ||
| 245 | |a Dala’il Al-Khayrat: prayer manuscripts from the 16th - 19th centuries/ |c Nurul Iman Rusli. |g 179p.; ill. | ||
| 260 | |b Islamic Arts Museum Malaysia |c , 2016 |h Kuala Lumpur, Malaysia |i 690067 |l QE31 .T17 |m Islamic Arts Museum Malaysia – Exhibition |m Manuscripts, Arabic – Malaysia – Exhibition |m Islamic illumination of books and manuscripts – Malaysia – Exhibition |m Islamic – Prayers and devotions | ||
| 500 | |a “It includes bibliography and index of Artefacts | ||
| 942 | |a lcc |c BK |e Olagoke,M.A |f 22/12/2020 | ||
| 952 | |0 0 |1 0 |2 lcc |4 0 |7 0 |9 1156 |a HOL |b HOL |d 2020-12-22 |l 0 |r 2020-12-22 00:00:00 |w 2020-12-22 |y BK | ||
| 999 | |c 604 |d 604 | ||